00710nam a2200241 a 4500001001300000003000900013005001700022008004100039020001000080082001500090100002200105245003200127260004700159300000900206500003500215505001600250650002300266700002200289902000800311942000700319952012700326999001500453nice12345678IN_TiNIC20260116011656.0050524s1981 mada grp 000 0 eng  ac10000a275.4bZAC aZachariah, Mathai aChristian Presence in India aMadrasbChristian Literature Societyc1981 a144p aincludes index and biblioraphy2 aUrdu-Arabic aChristianity-India1 aZachariah, Mathai bSRS cBK 001040708StackRoom-aHMIbHMId2007-07-19g100.00l2o275.4 ZACp09929r2024-03-15s2024-02-09v100.00w2005-05-24yBK c3324d3324